000 01521cam a2200337 i 4500
001 14369944
003 EG-ScBUE
005 20250714085454.0
008 060509s2006 enka f b 001 0 eng d
020 _a9780199299706 (pbk. : acidfree paper)
020 _a0199299706 (pbk. : acidfree paper)
035 _a(OCoLC)69020915
_z(OCoLC)68260844
040 _aDLC
_beng
_erda
_cDLC
_dBAKER
_dBWKUK
_dUKM
_dYDXCP
_dYUS
_dDLC
_dEG-ScBUE
082 0 4 _a541.34
_222
_bNAI
100 1 _aBen-Naim, Arieh,
_d1934-
_eauthor.
245 1 0 _aMolecular theory of solutions /
_cArieh Ben-Naim, Department of Physical Chemistry, The Hebrew University, Jerusalem.
264 _aOxford ;
_aNew York :
_bOxford University Press,
_c2006.
300 _axvi, 380 pages :
_billustrations ;
_c25 cm
336 _2rdacontent
_atext
_btxt
337 _aunmediated
_2rdamedia
_bn
338 _avolume
_bnc
_2rdacarrier
504 _aIncludes bibliographical references and index.
650 7 _aSolution (Chemistry)
_2BUEsh
650 7 _aMolecular theory.
_2BUEsh
655 _vReading book
856 4 1 _3Table of contents
_uhttp://www.loc.gov/catdir/toc/ecip0613/2006015317.html
856 4 2 _3Publisher description
_uhttp://www.loc.gov/catdir/enhancements/fy0723/2006015317-d.html
856 4 2 _3Contributor biographical information
_uhttp://www.loc.gov/catdir/enhancements/fy0723/2006015317-b.html
942 _2ddc
_cBB
999 _c10512
_d10512